000 00874nmm a2200265 a 4500
001 ocm0001520517
003 TR-IsHL
005 20201028162658.0
008 170122s2016 tu eng
007 cr cn
020 _a9786059654869
035 _a1520517
_b(N$T)
050 0 4 _aPS3511.I9
_bJ46 2016
090 0 4 _aPS3511.I9
_bJ46 2016
100 1 _aFitzgerald, Francis Scott
245 1 0 _aJemina, the mountain girl
_h[electronic resource] /
_cFrancis Scott Fitzgerald
260 _aİstanbul :
_bE-Kitap Projesi,
_c2016
300 _a25 p.
650 4 _aDil ve Edebiyat
650 4 _aLanguage and Literature
650 0 _aKısa hikayeler, Amerikan
650 0 _aShort story, American
650 7 _aLITERARY COLLECTIONS / American / General
_2bisacsh
856 4 0 _uhttp://search.ebscohost.com/login.aspx?direct=true&scope=site&db=e011xww&AN=1520517
999 _c14905
_d14905